[Event "2.Open B Città di Padova Elo <1900"]
[Site "Padova Caffè Pedrocchi"]
[Date "1999.12.19"]
[Round "6.22"]
[White "Pastore, Mauro"]
[Black "Aguggiaro, Renzo"]
[Result "1-0"]
[WhiteElo "1612"]
[BlackElo "1489"]
[Annotator "Gabriele Ballarin"]
[PlyCount "44"]
[EventDate "1999.12.11"]
[EventType "swiss"]
[EventRounds "6"]
[EventCountry "ITA"]
[SourceTitle "Ballarin Gabriele"]
[Source "Ballarin Gabrie"]
[SourceDate "2001.01.01"]
[SourceVersion "1"]
[SourceVersionDate "2001.01.01"]
[SourceQuality "1"]

1. d4 d5 2. c4 Nf6 3. Nc3 e6 4. Bf4 Bd6 5. Bg3 Bd7 6. Nf3 dxc4 7. e4 Bb4 8. Qc2 Bc6 9. Nd2 Qxd4 10. Rd1 Bxc3 11. bxc3 Bxe4 12. Qa4+ Bc6 13. Qxc6+ Nxc6 14. cxd4 O-O-O 15. Bxc4 Rxd4 16. Be2 Nb4 17. O-O Nxa2 18. Be5 Nc3 19. Bf3 Nxd1 20. Bxd4 Rd8 21. Nb3 c5 22. Bxd1 cxd4 1-0

[Event "2.Open B Città di Padova Elo <1900"]
[Site "Padova Caffè Pedrocchi"]
[Date "1999.12.19"]
[Round "6.23"]
[White "Marangoni, Simone"]
[Black "Logallo, Claudio"]
[Result "1/2-1/2"]
[WhiteElo "1690"]
[BlackElo "1600"]
[Annotator "Gabriele Ballarin"]
[PlyCount "87"]
[EventDate "1999.12.11"]
[EventType "swiss"]
[EventRounds "6"]
[EventCountry "ITA"]
[SourceTitle "Ballarin Gabriele"]
[Source "Ballarin Gabrie"]
[SourceDate "2001.01.01"]
[SourceVersion "1"]
[SourceVersionDate "2001.01.01"]
[SourceQuality "1"]

1. c4 e5 2. Nc3 Nf6 3. Nf3 Nc6 4. d3 d5 5. cxd5 Nxd5 6. Bg5 f6 7. Bd2 Be6 8. g3 Bc5 9. Bg2 Bb6 10. O-O Qd7 11. Na4 Bh3 12. Nxb6 axb6 13. Qb3 Nde7 14. a3 h5 15. Bb4 h4 16. Bxe7 Nxe7 17. Qc4 Bxg2 18. Kxg2 hxg3 19. fxg3 O-O-O 20. Rac1 Nd5 21. Kf2 Kb8 22. e4 Ne7 23. Rc3 Nc6 24. Kg1 Nd4 25. Nxd4 Qxd4+ 26. Qxd4 Rxd4 27. Rfc1 c6 28. Rd1 Rhd8 29. Kf2 Rxe4 30. Kf3 Red4 31. Ke3 R4d7 32. Rc4 Rd4 33. Rc3 e4 34. Rd2 Rxd3+ 35. Rcxd3 Rxd3+ 36. Rxd3 exd3 37. Kxd3 Kc7 38. Ke4 g6 39. g4 Kd6 40. h4 Ke6 41. Kf4 Kf7 42. Ke4 b5 43. Kf4 Kg8 44. Ke4 1/2-1/2

[Event "2.Open B Città di Padova Elo <1900"]
[Site "Padova Caffè Pedrocchi"]
[Date "1999.12.06"]
[Round "6.24"]
[White "Conz, Flavio"]
[Black "Tinnirello, Mario"]
[Result "1-0"]
[WhiteElo "1633"]
[BlackElo "1552"]
[Annotator "Gabriele Ballarin"]
[PlyCount "75"]
[EventDate "1999.12.11"]
[EventType "swiss"]
[EventRounds "6"]
[EventCountry "ITA"]
[SourceTitle "Ballarin Gabriele"]
[Source "Ballarin Gabrie"]
[SourceDate "2001.01.01"]
[SourceVersion "1"]
[SourceVersionDate "2001.01.01"]
[SourceQuality "1"]

1. e4 c5 2. b4 cxb4 3. a3 e6 4. axb4 Bxb4 5. Bb2 Nf6 6. e5 Nd5 7. Qg4 O-O 8. Bc4 Ne7 9. c3 Bc5 10. d4 Bb6 11. h4 d6 12. Nf3 Nbc6 13. Nbd2 dxe5 14. dxe5 Bxf2+ 15. Ke2 Qb6 16. Qe4 Nf5 17. Rh3 Ng3+ 18. Rxg3 Bxg3 19. Bd3 g6 20. Rb1 Qf2+ 21. Kd1 Bd7 22. Kc2 Rac8 23. Rf1 Qc5 24. Kb1 Rfd8 25. h5 Be8 26. hxg6 fxg6 27. Bc4 Qe7 28. Qg4 Bf7 29. Qxg3 Na5 30. Qf4 Nxc4 31. Nxc4 Rf8 32. Qd4 Qc7 33. Nd6 Rcd8 34. Ng5 h6 35. Nge4 a6 36. Qf2 g5 37. Qf6 Kh7 38. Nxg5+ 1-0

[Event "2.Open B Città di Padova Elo <1900"]
[Site "Padova Caffè Pedrocchi"]
[Date "1999.12.19"]
[Round "6.26"]
[White "Sanavio, Giancarlo"]
[Black "Ballarin, Gabriele"]
[Result "0-1"]
[WhiteElo "1522"]
[BlackElo "1621"]
[Annotator "Gabriele Ballarin"]
[PlyCount "74"]
[EventDate "1999.12.11"]
[EventType "swiss"]
[EventRounds "6"]
[EventCountry "ITA"]
[SourceTitle "Ballarin Gabriele"]
[Source "Ballarin Gabrie"]
[SourceDate "2001.01.01"]
[SourceVersion "1"]
[SourceVersionDate "2001.01.01"]
[SourceQuality "1"]

1. Nf3 e6 2. b3 b6 3. c4 Bb7 4. Bb2 f5 5. e3 Nf6 6. d4 Bb4+ 7. Nbd2 Ne4 8. a3 Nxd2 9. axb4 Nxf1 10. Kxf1 d6 11. d5 e5 12. h4 h6 13. h5 Nd7 14. Nh4 O-O 15. Ng6 Rf7 16. Rh3 Nf6 17. f4 Ng4 18. fxe5 dxe5 19. Nxe5 Qf6 20. Nxg4 Qxb2 21. Nh2 a6 22. Rb1 Qc3 23. Qe1 Qf6 24. Kg1 Re8 25. Qf2 Re4 26. Rf1 Qc3 27. Rf3 Bc8 28. g4 Qxb3 29. gxf5 Qxc4 30. f6 Qxd5 31. fxg7 Rxg7+ 32. Kh1 Re5 33. e4 Qxe4 34. Qd2 Kh7 35. Qd3 Qxd3 36. Rxd3 Bb7+ 37. Nf3 Rxh5# 0-1

[Event "2.Open B Città di Padova Elo <1900"]
[Site "Padova Caffè Pedrocchi"]
[Date "1999.12.19"]
[Round "6.27"]
[White "Moschini, Costantino"]
[Black "Gubellini, Luciano"]
[Result "1-0"]
[WhiteElo "1513"]
[BlackElo "1600"]
[Annotator "Gabriele Ballarin"]
[PlyCount "39"]
[EventDate "1999.12.11"]
[EventType "swiss"]
[EventRounds "6"]
[EventCountry "ITA"]
[SourceTitle "Ballarin Gabriele"]
[Source "Ballarin Gabrie"]
[SourceDate "2001.01.01"]
[SourceVersion "1"]
[SourceVersionDate "2001.01.01"]
[SourceQuality "1"]

1. d4 Nf6 2. Nf3 d5 3. Bg5 e6 4. e3 Be7 5. Nbd2 Nbd7 6. Bd3 O-O 7. c3 b6 8. Qe2 a6 9. e4 dxe4 10. Nxe4 Bb7 11. Nxf6+ Nxf6 12. O-O Nd5 13. Bd2 Re8 14. Ne5 f6 15. Bxh7+ Kxh7 16. Qh5+ Kg8 17. Qf7+ Kh7 18. Bh6 Rg8 19. Qg6+ Kh8 20. Nf7# 1-0

[Event "2.Open B Città di Padova Elo <1900"]
[Site "Padova Caffè Pedrocchi"]
[Date "1999.12.19"]
[Round "6.28"]
[White "Giordan, Daniele"]
[Black "Salata, Alessio"]
[Result "0-1"]
[WhiteElo "1500"]
[BlackElo "1558"]
[Annotator "Gabriele Ballarin"]
[PlyCount "66"]
[EventDate "1999.12.11"]
[EventType "swiss"]
[EventRounds "6"]
[EventCountry "ITA"]
[SourceTitle "Ballarin Gabriele"]
[Source "Ballarin Gabrie"]
[SourceDate "2001.01.01"]
[SourceVersion "1"]
[SourceVersionDate "2001.01.01"]
[SourceQuality "1"]

1. e4 c5 2. d4 cxd4 3. c3 dxc3 4. Nxc3 d6 5. Bc4 e6 6. Nf3 Nc6 7. O-O a6 8. Qe2 Nf6 9. Rd1 Ng4 10. h3 Nge5 11. Nxe5 Nxe5 12. Bb3 Be7 13. f4 Nc6 14. Qg4 O-O 15. Ne2 b5 16. Be3 Bb7 17. Ng3 Rc8 18. Rac1 Na5 19. Bd4 Bf6 20. e5 dxe5 21. Rxc8 Qxc8 22. fxe5 Be7 23. Nh5 g6 24. Nf6+ Bxf6 25. exf6 Nxb3 26. Qg5 Qc6 27. axb3 h6 28. Qg3 Qc2 29. Rf1 Rd8 30. Rf2 Qd1+ 31. Kh2 Qxd4 32. Rf4 Qe5 33. h4 Rd2 0-1

[Event "2.Open B Città di Padova Elo <1900"]
[Site "Padova Caffè Pedrocchi"]
[Date "1999.12.19"]
[Round "6.29"]
[White "Broccardo, Nicola"]
[Black "Musiani, Carlo"]
[Result "1-0"]
[WhiteElo "1579"]
[BlackElo "1500"]
[Annotator "Gabriele Ballarin"]
[PlyCount "62"]
[EventDate "1999.12.11"]
[EventType "swiss"]
[EventRounds "6"]
[EventCountry "ITA"]
[SourceTitle "Ballarin Gabriele"]
[Source "Ballarin Gabrie"]
[SourceDate "2001.01.01"]
[SourceVersion "1"]
[SourceVersionDate "2001.01.01"]
[SourceQuality "1"]

1. Nf3 d5 2. c4 e6 3. b3 Nf6 4. Bb2 Nbd7 5. g3 b6 6. Bg2 Bb7 7. d3 c5 8. O-O d4 9. Nbd2 Be7 10. Re1 e5 11. e3 O-O 12. Qe2 Re8 13. Ne4 Nxe4 14. dxe4 Bd6 15. Qd3 Nf6 16. exd4 cxd4 17. Rad1 Qc7 18. Re2 Nd7 19. Ne1 Nc5 20. Qf3 Rf8 21. Nd3 Nxe4 22. Qf5 g6 23. Qg4 f5 24. Qh4 Qf7 25. f4 exf4 26. gxf4 Nc3 27. Bxc3 dxc3 28. Ne5 Bc5+ 29. Kh1 Bxg2+ 30. Rxg2 Qb7 31. Rd7 c2 1-0

[Event "2.Open B Città di Padova Elo <1900"]
[Site "Padova Caffè Pedrocchi"]
[Date "1999.12.19"]
[Round "6.30"]
[White "Bonetto, Giorgio"]
[Black "Borgato, Alessandro"]
[Result "1-0"]
[WhiteElo "1567"]
[BlackElo "1494"]
[Annotator "Gabriele Ballarin"]
[PlyCount "116"]
[EventDate "1999.12.11"]
[EventType "swiss"]
[EventRounds "6"]
[EventCountry "ITA"]
[SourceTitle "Ballarin Gabriele"]
[Source "Ballarin Gabrie"]
[SourceDate "2001.01.01"]
[SourceVersion "1"]
[SourceVersionDate "2001.01.01"]
[SourceQuality "1"]

{[%evp 0,116,9,8,8,-25,-15,-9,-8,-59,10,-4,-44,-35,32,29,47,44,44,33,27,11,16,16,20,-7,-9,-3,-3,5,5,5,7,14,28,28,37,0,0,0,10,0,18,21,39,36,27,31,38,39,39,-5,36,4,16,17,0,0,19,0,57,51,66,79,59,65,41,39,29,55,96,92,90,5,0,0,54,-140,10,-140,0,0,0,0,114,122,126,126,120,116,112,112,120,116,112,88,112,112,112,116,116,112,128,126,128,134,138,147,166,168,160,181,167,162,210,211,202,206,264]} 1. e4 e5 2. f4 Bc5 3. Nf3 d6 4. Bc4 Bg4 5. h3 Bxf3 6. Qxf3 exf4 7. Qxf4 Qf6 8. Rf1 Qxf4 9. Rxf4 Nf6 10. Nc3 O-O 11. d3 Nc6 12. Nd5 Nxd5 13. Bxd5 Nd4 14. Kd1 c6 15. Bb3 Nxb3 16. axb3 a5 17. Bd2 b6 18. c4 Bd4 19. Kc2 Rfe8 20. Bc3 Bxc3 21. bxc3 c5 22. d4 f6 23. Kd3 Kf7 24. g4 h6 25. Raf1 Kg8 26. h4 a4 27. bxa4 Rxa4 28. Rb1 Rb8 29. Rf5 Ra2 30. g5 hxg5 31. hxg5 fxg5 32. Rxg5 Rh2 33. Rbg1 Rh3+ 34. Kc2 Rh2+ 35. Kb3 Rb7 36. Ka4 Rb2 37. Ka3 Rc2 38. e5 dxe5 39. Rxe5 Ra7+ 40. Kb3 Rca2 41. dxc5 bxc5 42. Rxc5 R7a3+ 43. Kb4 Ra4+ 44. Kb5 Ra5+ 45. Kc6 Ra6+ 46. Kb7 Ra7+ 47. Kb8 Ra8+ 48. Kb7 R8a7+ 49. Kb6 R7a6+ 50. Kc7 Ra7+ 51. Kd6 R7a6+ 52. Rc6 Rd2+ 53. Kc5 Ra5+ 54. Kb6 Rda2 55. Rc7 Ra6+ 56. Kc5 R6a5+ 57. Kd4 Rd2+ 58. Ke3 {Nur} Raa2 1-0

[Event "2.Open B Città di Padova Elo <1900"]
[Site "Padova Caffè Pedrocchi"]
[Date "1999.12.19"]
[Round "6.31"]
[White "Gottardo, J.Michele"]
[Black "Pedrollo, Cristian"]
[Result "1-0"]
[WhiteElo "1500"]
[BlackElo "1474"]
[Annotator "Gabriele Ballarin"]
[PlyCount "95"]
[EventDate "1999.12.11"]
[EventType "swiss"]
[EventRounds "6"]
[EventCountry "ITA"]
[SourceTitle "Ballarin Gabriele"]
[Source "Ballarin Gabrie"]
[SourceDate "2001.01.01"]
[SourceVersion "1"]
[SourceVersionDate "2001.01.01"]
[SourceQuality "1"]

1. e4 e6 2. d4 d5 3. exd5 exd5 4. Nf3 Nf6 5. Bg5 Nbd7 6. Bd3 Qe7+ 7. Qe2 Qxe2+ 8. Bxe2 Be7 9. Nbd2 O-O 10. O-O Re8 11. Rfe1 c5 12. Bb5 a6 13. Bxf6 gxf6 14. Bxd7 Bxd7 15. dxc5 Bxc5 16. Nb3 Bb6 17. Nbd4 Re4 18. c3 Rae8 19. Kf1 Kf8 20. Nd2 Rxe1+ 21. Rxe1 Bxd4 22. Rxe8+ Kxe8 23. cxd4 Ke7 24. Ke2 Bb5+ 25. Ke3 Kd6 26. Nb1 Bc4 27. a3 a5 28. Nd2 b6 29. b3 Ba6 30. Nb1 Ke6 31. Kf4 Bd3 32. Nc3 b5 33. b4 axb4 34. axb4 Kd6 35. Nd1 Ke6 36. Ne3 Bg6 37. g4 h5 38. g5 fxg5+ 39. Kxg5 Kd6 40. Kf6 h4 41. Ng4 Kd7 42. Ne5+ Ke8 43. Nxg6 fxg6 44. Kxg6 Ke7 45. f4 h3 46. f5 Kf8 47. Kf6 Kg8 48. Ke7 1-0

[Event "2.Open B Città di Padova Elo <1900"]
[Site "Padova Caffè Pedrocchi"]
[Date "1999.12.19"]
[Round "6.32"]
[White "Lovisetto, Giampaolo"]
[Black "Tresin, Ardilio"]
[Result "1-0"]
[WhiteElo "1500"]
[BlackElo "1380"]
[Annotator "Gabriele Ballarin"]
[PlyCount "46"]
[EventDate "1999.12.11"]
[EventType "swiss"]
[EventRounds "6"]
[EventCountry "ITA"]
[SourceTitle "Ballarin Gabriele"]
[Source "Ballarin Gabrie"]
[SourceDate "2001.01.01"]
[SourceVersion "1"]
[SourceVersionDate "2001.01.01"]
[SourceQuality "1"]

1. e4 e5 2. Nf3 Nc6 3. d4 exd4 4. Nxd4 Nxd4 5. Qxd4 d6 6. Bf4 Qf6 7. e5 Qe6 8. Bc4 Qe7 9. O-O c5 10. Qxd6 Be6 11. Bb5+ Bd7 12. Bxd7+ Qxd7 13. Qxd7+ Kxd7 14. Nc3 a6 15. Rad1+ Ke6 16. Rfe1 Be7 17. Nd5 Rc8 18. g4 Bh4 19. Ne3 Rd8 20. Rd6+ Rxd6 21. exd6 Kd7 22. Nc4 Bd8 23. Ne5+ Ke8 1-0

[Event "2.Open B Città di Padova Elo <1900"]
[Site "Padova Caffè Pedrocchi"]
[Date "1999.12.19"]
[Round "6.33"]
[White "Marcuzzo, Giorgio"]
[Black "Roccaro, Giovanni"]
[Result "0-1"]
[WhiteElo "1492"]
[BlackElo "1630"]
[Annotator "Gabriele Ballarin"]
[PlyCount "54"]
[EventDate "1999.12.11"]
[EventType "swiss"]
[EventRounds "6"]
[EventCountry "ITA"]
[SourceTitle "Ballarin Gabriele"]
[Source "Ballarin Gabrie"]
[SourceDate "2001.01.01"]
[SourceVersion "1"]
[SourceVersionDate "2001.01.01"]
[SourceQuality "1"]

1. e4 c5 2. Nc3 d6 3. f4 Nd7 4. Nf3 e6 5. g3 Ngf6 6. Bg2 a6 7. Qe2 Qc7 8. O-O Be7 9. d3 O-O 10. Kh1 Rb8 11. e5 dxe5 12. fxe5 Ne8 13. Bf4 b5 14. Rae1 Bb7 15. Ne4 Nb6 16. Nf6+ gxf6 17. exf6 Bd6 18. Ng5 Bxg2+ 19. Kxg2 Nd5 20. Nxe6 Nxf4+ 21. Rxf4 Qb7+ 22. Kg1 fxe6 23. Qxe6+ Qf7 24. Qg4+ Kh8 25. Qh4 Bxf4 26. Re7 Be3+ 27. Rxe3 Qxf6 0-1

[Event "2.Open B Città di Padova Elo <1900"]
[Site "Padova Caffè Pedrocchi"]
[Date "1999.12.19"]
[Round "6.34"]
[White "Quaranta, Cristiano"]
[Black "Gobbato, Paolo"]
[Result "1-0"]
[WhiteElo "1552"]
[BlackElo "1500"]
[Annotator "Gabriele Ballarin"]
[PlyCount "71"]
[EventDate "1999.12.11"]
[EventType "swiss"]
[EventRounds "6"]
[EventCountry "ITA"]
[SourceTitle "Ballarin Gabriele"]
[Source "Ballarin Gabrie"]
[SourceDate "2001.01.01"]
[SourceVersion "1"]
[SourceVersionDate "2001.01.01"]
[SourceQuality "1"]

1. e4 c5 2. d4 cxd4 3. c3 dxc3 4. Nxc3 e6 5. Nf3 Bb4 6. Bd2 a6 7. a3 Ba5 8. Bc4 Qc7 9. Qe2 b5 10. Ba2 d6 11. b4 Bb6 12. Rc1 Bb7 13. Nxb5 Qd8 14. Nc3 Nf6 15. O-O Nbd7 16. Be3 Bc7 17. Bf4 a5 18. Nb5 Bb8 19. Bb1 e5 20. Bg5 axb4 21. axb4 O-O 22. Rfd1 Qb6 23. Be3 Qa6 24. Bg5 Bc6 25. Bd3 Bxb5 26. Bxb5 Qb7 27. Bc6 Qa6 28. b5 Qa2 29. Rc2 Qa4 30. Bxa8 Qxa8 31. Re1 h6 32. Bxf6 Nxf6 33. Rb2 Bc7 34. b6 Bd8 35. b7 Qb8 36. Ra1 1-0

[Event "2.Open B Città di Padova Elo <1900"]
[Site "Padova Caffè Pedrocchi"]
[Date "1999.12.19"]
[Round "6.36"]
[White "Alburno, Franco"]
[Black "Boscolo, Ampelio"]
[Result "1-0"]
[WhiteElo "1438"]
[BlackElo "1494"]
[Annotator "Gabriele Ballarin"]
[PlyCount "113"]
[EventDate "1999.12.11"]
[EventType "swiss"]
[EventRounds "6"]
[EventCountry "ITA"]
[SourceTitle "Ballarin Gabriele"]
[Source "Ballarin Gabrie"]
[SourceDate "2001.01.01"]
[SourceVersion "1"]
[SourceVersionDate "2001.01.01"]
[SourceQuality "1"]

1. e4 e6 2. d4 d5 3. Nc3 Nf6 4. e5 Nfd7 5. Bd3 c5 6. Be3 cxd4 7. Bxd4 Nc6 8. Bb5 Qc7 9. Bxc6 bxc6 10. f4 Bb7 11. Nf3 c5 12. Bf2 d4 13. Nb1 Nb6 14. O-O Nd5 15. Na3 Ba6 16. Re1 Nxf4 17. Re4 Ng6 18. Qd2 Be7 19. Rae1 Rb8 20. b3 O-O 21. Bh4 Rfd8 22. Bxe7 Qxe7 23. Qg5 Qc7 24. h4 h6 25. Qg3 Qa5 26. h5 Ne7 27. Nh4 Kh7 28. Rf4 Rf8 29. Nc4 Bxc4 30. bxc4 Qxa2 31. Ref1 Rb1 32. Ng6 Rxf1+ 33. Rxf1 fxg6 34. Rxf8 Qxc2 35. Rf7 Qd1+ 36. Kf2 Qc2+ 37. Kg1 Qd1+ 38. Kf2 Qc2+ 39. Kg1 d3 40. Rxe7 d2 41. Qxg6+ Qxg6 42. hxg6+ Kxg6 43. Rd7 Kf5 44. Rxd2 Kxe5 45. Kf2 g5 46. Ke3 h5 47. Ra2 Kf5 48. Rxa7 Kg4 49. Kf2 h4 50. Ra5 Kf4 51. Rxc5 g4 52. Rh5 g3+ 53. Kg1 e5 54. Rxh4+ Kf5 55. c5 e4 56. Rxe4 Kxe4 57. c6 1-0

[Event "2.Open B Città di Padova Elo <1900"]
[Site "Padova Caffè Pedrocchi"]
[Date "1999.12.19"]
[Round "6.37"]
[White "Tessari, Gianni"]
[Black "Spinoso, Giovanni"]
[Result "1/2-1/2"]
[WhiteElo "1600"]
[BlackElo "1500"]
[Annotator "Gabriele Ballarin"]
[PlyCount "109"]
[EventDate "1999.12.11"]
[EventType "swiss"]
[EventRounds "6"]
[EventCountry "ITA"]
[SourceTitle "Ballarin Gabriele"]
[Source "Ballarin Gabrie"]
[SourceDate "2001.01.01"]
[SourceVersion "1"]
[SourceVersionDate "2001.01.01"]
[SourceQuality "1"]

{[%evp 0,108,18,8,48,50,83,49,59,33,35,33,67,29,51,65,71,38,29,36,20,31,66,-2,-3,-48,-14,-69,-56,-54,-54,-111,-83,-85,-87,-70,-65,-61,-59,-47,-42,-51,29,-80,-64,-191,-171,-351,-53,-283,-278,-278,-83,-85,-74,-85,-75,-89,-62,-60,-58,-66,-58,-75,1,-28,-20,-14,33,26,41,25,6,-25,-25,-12,-2,21,14,0,0,0,0,0,0,0,0,0,10,6,7,0,3,-15,-15,0,0,0,0,-13,-11,-11,-11,-11,-11,-17,-11,-11,0,0,0]} 1. e4 c5 2. Nf3 d6 3. d4 cxd4 4. Nxd4 Nf6 5. Nc3 a6 6. Bd3 Nbd7 7. O-O b5 8. a3 Bb7 9. b4 Rc8 10. Bb2 Qb6 11. Nf5 e6 12. Ng3 g6 13. Rc1 Bg7 14. Nce2 e5 15. Bc3 O-O 16. Bd2 d5 17. exd5 Nxd5 18. c4 bxc4 19. Bxc4 f5 20. Qb3 N7f6 21. Bg5 Kh8 22. Bxf6 Nxf6 23. Nc3 Rcd8 24. Rcd1 Qc6 25. f3 Ng4 26. Nd5 Nf6 27. Nxf6 Bxf6 28. Ne2 Rxd1 29. Rxd1 Rd8 30. Rxd8+ Bxd8 31. Kf1 Qb6 32. Qc3 Bf6 33. Bb3 Qc6 34. Qxc6 Bxc6 35. Bc4 Bb7 36. Nc3 e4 37. Nd5 Bxd5 38. Bxd5 exf3 39. gxf3 Bb2 40. a4 Bc3 41. b5 axb5 42. axb5 Bd4 43. Ke2 h5 44. Kd3 Bb6 45. Bc6 Kg7 46. Be8 h4 47. h3 Kf6 48. Kc4 g5 49. Kd5 g4 50. fxg4 fxg4 51. hxg4 h3 52. Kc4 h2 53. Bc6 Kg5 54. Bh1 Kxg4 55. Kd5 1/2-1/2

[Event "2.Open B Città di Padova Elo <1900"]
[Site "Padova Caffè Pedrocchi"]
[Date "1999.12.19"]
[Round "6.38"]
[White "Marangon, Matteo"]
[Black "Vastano, Ciro"]
[Result "0-1"]
[WhiteElo "1500"]
[BlackElo "1300"]
[Annotator "Gabriele Ballarin"]
[PlyCount "50"]
[EventDate "1999.12.11"]
[EventType "swiss"]
[EventRounds "6"]
[EventCountry "ITA"]
[SourceTitle "Ballarin Gabriele"]
[Source "Ballarin Gabrie"]
[SourceDate "2001.01.01"]
[SourceVersion "1"]
[SourceVersionDate "2001.01.01"]
[SourceQuality "1"]

1. e4 e6 2. Nf3 d5 3. exd5 exd5 4. d4 Nf6 5. Nc3 c6 6. Bg5 Bd6 7. Bd3 O-O 8. O-O Bg4 9. h3 Bh5 10. Re1 Nbd7 11. a4 Qb6 12. g4 Bg6 13. b3 h6 14. a5 Qc7 15. Bxf6 Nxf6 16. Na4 Rfe8 17. Bxg6 fxg6 18. Nh4 g5 19. Nf5 Bb4 20. Rxe8+ Rxe8 21. Qd3 Qf4 22. c3 Bxa5 23. Nxh6+ Kf8 24. Nf5 Bc7 25. Ng3 Ne4 0-1

[Event "2.Open A Magistrale Città di Padova"]
[Site "Padova Caffè Pedrocchi"]
[Date "1999.12.12"]
[Round "1.2"]
[White "De Bortoli, Peter"]
[Black "Timoscenko, Gennadij"]
[Result "0-1"]
[WhiteElo "2225"]
[BlackElo "2536"]
[Annotator "Gabriele Ballarin"]
[PlyCount "57"]
[EventDate "1999.12.12"]
[EventType "swiss"]
[EventRounds "9"]
[EventCountry "ITA"]

1. e4 c5 2. Nf3 e6 3. d4 cxd4 4. Nxd4 a6 5. Be3 Nf6 6. Nd2 d6 7. Bd3 g6 8. f4 Nbd7 9. O-O Bg7 10. Nc4 Qc7 11. e5 dxe5 12. Nxe6 fxe6 13. fxe5 Nxe5 14. Bb6 Qc6 15. Bxg6+ Ke7 16. Qd4 Nxc4 17. Bc5+ Nd6 18. Be4 Qxc5 19. Qxc5 Nfxe4 20. Qa3 Bd7 21. Rad1 Bc6 22. Rf4 Rad8 23. c4 Rhf8 24. Rh4 Rf7 25. Qb4 Ke8 26. Qe1 Nxc4 27. Rxd8+ Kxd8 28. h3 Bd4+ 29. Kh2 0-1

[Event "2.Open A Magistrale Città di Padova"]
[Site "Padova Caffè Pedrocchi"]
[Date "1999.12.12"]
[Round "1.16"]
[White "Di Lazzaro, Gabriele"]
[Black "De Santis, Alessio"]
[Result "0-1"]
[WhiteElo "2015"]
[BlackElo "2352"]
[Annotator "Gabriele Ballarin"]
[PlyCount "54"]
[EventDate "1999.12.12"]
[EventType "swiss"]
[EventRounds "9"]
[EventCountry "ITA"]

1. e4 e5 2. Nf3 d5 3. exd5 Bd6 4. Bb5+ Nd7 5. Qe2 Ngf6 6. Nc3 O-O 7. d3 Nxd5 8. Nxd5 c6 9. Nc3 cxb5 10. Nxb5 Qa5+ 11. Nc3 f5 12. O-O a6 13. d4 Kh8 14. dxe5 Nxe5 15. Rd1 Nxf3+ 16. Qxf3 Qc7 17. h3 Be6 18. Be3 Rae8 19. Bd4 b5 20. a3 Rf7 21. Re1 Rfe7 22. Nd5 Bxd5 23. Rxe7 Qxe7 24. Qc3 Kg8 25. f3 Qh4 26. Bxg7 Qg3 27. Bh8 Qh2+ 0-1

[Event "2.Open A Magistrale Città di Padova"]
[Site "Padova Caffè Pedrocchi"]
[Date "1999.12.14"]
[Round "4.1"]
[White "Godena, Michele"]
[Black "Chatalbashev, Boris"]
[Result "1-0"]
[WhiteElo "2490"]
[BlackElo "2524"]
[Annotator "Gabriele Ballarin"]
[PlyCount "47"]
[EventDate "1999.12.12"]
[EventType "swiss"]
[EventRounds "9"]
[EventCountry "ITA"]

1. e4 g6 2. d4 Bg7 3. c3 d6 4. Nf3 Nf6 5. Bd3 O-O 6. O-O Nc6 7. Re1 e5 8. h3 Re8 9. Na3 d5 10. exd5 Nxd5 11. Bc4 e4 12. Ng5 e3 13. Qf3 exf2+ 14. Kxf2 Be6 15. Rxe6 fxe6 16. Nxe6 Rxe6 17. Qxd5 Qf8+ 18. Kg1 Rae8 19. Qf3 Nxd4 20. cxd4 Bxd4+ 21. Kh1 Qb4 22. Bh6 Kh8 23. Bxe6 Rxe6 24. Nc2 1-0

[Event "2.Open A Magistrale Città di Padova"]
[Site "Padova Caffè Pedrocchi"]
[Date "1999.12.14"]
[Round "4.2"]
[White "Ortega, Lexy"]
[Black "Ulibin, Mikhail"]
[Result "1/2-1/2"]
[WhiteElo "2499"]
[BlackElo "2562"]
[Annotator "Gabriele Ballarin"]
[PlyCount "32"]
[EventDate "1999.12.12"]
[EventType "swiss"]
[EventRounds "9"]
[EventCountry "ITA"]

1. d4 d5 2. c4 c6 3. e3 Bf5 4. cxd5 cxd5 5. Qb3 Qc7 6. Bd2 e6 7. Bb5+ Nc6 8. Nf3 Bd6 9. Bb4 Nge7 10. Bxd6 Qxd6 11. Ne5 O-O 12. Bxc6 Nxc6 13. Nxc6 Qxc6 14. Nc3 Bd3 15. f3 Bc4 16. Qc2 a5 1/2-1/2

[Event "2.Open A Magistrale Città di Padova"]
[Site "Padova Caffè Pedrocchi"]
[Date "1999.12.14"]
[Round "4.16"]
[White "Van Hoolandt, Patrick"]
[Black "Artizzu, Giulio"]
[Result "1-0"]
[WhiteElo "2050"]
[BlackElo "1825"]
[Annotator "Gabriele Ballarin"]
[PlyCount "107"]
[EventDate "1999.12.12"]
[EventType "swiss"]
[EventRounds "9"]
[EventCountry "ITA"]

1. c4 Nf6 2. g3 g6 3. Bg2 Bg7 4. Nc3 O-O 5. Nf3 c5 6. d4 cxd4 7. Nxd4 Nc6 8. O-O Qb6 9. Nc2 d6 10. Ne3 a6 11. b3 Bd7 12. Bb2 Rac8 13. Ncd5 Nxd5 14. Nxd5 Qd8 15. Bxg7 Kxg7 16. h4 b5 17. cxb5 axb5 18. a4 bxa4 19. bxa4 Re8 20. Qd2 Ne5 21. Rfc1 Bc6 22. Qb2 Kg8 23. Nb6 Rb8 24. Bxc6 Rxb6 25. Bb5 Qa8 26. Qd4 Rbb8 27. Ra3 Nc6 28. Qd5 Rxb5 29. Qxc6 Rb1 30. Rac3 Qxc6 31. Rxc6 Rxc1+ 32. Rxc1 Ra8 33. Rc4 Kf8 34. e4 e6 35. Kf1 Ke7 36. Ke2 d5 37. exd5 exd5 38. Rb4 Kd6 39. Kd3 Kc5 40. Kc3 Re8 41. Rb7 Rf8 42. Rb5+ Kc6 43. Kd4 Ra8 44. Rc5+ Kd6 45. Rxd5+ Ke6 46. a5 f5 47. Kc4 Ra6 48. Rb5 Rc6+ 49. Kb4 Rc2 50. a6 Rb2+ 51. Kc5 Rxf2 52. a7 Ra2 53. Kb6 h6 54. Ra5 1-0

[Event "2.Open A Magistrale Città di Padova"]
[Site "Padova Caffè Pedrocchi"]
[Date "1999.12.15"]
[Round "5.10"]
[White "Rogulj, Branko"]
[Black "Rossato, Armando"]
[Result "1-0"]
[WhiteElo "2427"]
[BlackElo "2219"]
[Annotator "Gabriele Ballarin"]
[PlyCount "79"]
[EventDate "1999.12.12"]
[EventType "swiss"]
[EventRounds "9"]
[EventCountry "ITA"]

1. e4 e6 2. d4 d5 3. Nc3 Bb4 4. Nge2 dxe4 5. a3 Be7 6. Nxe4 Nf6 7. N2g3 Nbd7 8. Be3 O-O 9. Nxf6+ Bxf6 10. Ne4 Be7 11. g3 f5 12. Nc3 a6 13. Bg2 Bd6 14. Qd2 Rb8 15. O-O Nf6 16. Rfe1 Bd7 17. Bf4 Re8 18. Re2 h6 19. Rae1 g5 20. Be5 Ng4 21. Bxd6 cxd6 22. f4 Kf7 23. h3 Nf6 24. d5 e5 25. fxe5 dxe5 26. Rxe5 Qb6+ 27. Kh2 Rxe5 28. Rxe5 Qxb2 29. d6 Rc8 30. Re3 f4 31. gxf4 gxf4 32. Re7+ Kg6 33. Ne2 Rxc2 34. Nxf4+ Kf5 35. Qd3+ Kxf4 36. Qf3+ Kg5 37. Rg7+ Kh4 38. Qg3+ Kh5 39. Qg6+ Kh4 40. Qxh6+ 1-0